| 000 | 00538nam a2200169Ia 4500 | ||
|---|---|---|---|
| 999 |
_c36921 _d36921 |
||
| 003 | OSt | ||
| 005 | 20210123130025.0 | ||
| 008 | 190216s9999||||xx |||||||||||||| ||und|| | ||
| 040 | _coclc | ||
| 082 |
_a428.076 _bCHA/E |
||
| 100 |
_aChawla, Swarn _98406 |
||
| 245 | 0 |
_aEnglish For Competitive Examinations Practice Tests For Language Proficiency / _cSwarn Chawla |
|
| 260 |
_bVikas Publications, _c2008. _aNew Delhi: |
||
| 300 | _a304p | ||
| 650 | _aReferences | ||
| 942 |
_cREF _2ddc _h428.076 _iCHA/E _k428.076 _mCHA/E |
||